| 000 | 00346nam a2200145Ia 4500 | ||
|---|---|---|---|
| 003 | OSt | ||
| 008 | 191201s2002 xx 000 0 und d | ||
| 082 |
_a530 _bGUM |
||
| 100 | _aGUPTA, Satish | ||
| 245 | 0 | _aModern''s ABC of Physics for Class XII | |
| 260 |
_aNew Delhi _bModern Pub _c2002 |
||
| 300 | _a1375+15 | ||
| 650 | _aApplied | ||
| 942 |
_2ddc _cBK |
||
| 999 |
_c376 _d376 |
||